| 000 | 00462pab a2200145 454500 | ||
|---|---|---|---|
| 008 | 180718b1983 xxu||||| |||| 00| 0 eng d | ||
| 100 | _aSaxena, Avinash Chandra | ||
| 245 |
_aRural water supply in Etawah and Farrukhabad _bInstallation of India Mark - II hand pumps : Experiences and personal views |
||
| 260 | _c1983 | ||
| 300 | _a29-34 | ||
| 362 | _aSept. | ||
| 650 | _aWater Supply, Rural - India - Uttar Pradesh | ||
| 773 | _aCivic Affairs | ||
| 909 | _a20659 | ||
| 999 |
_c20659 _d20659 |
||